000
00334pab a2200145 454500
008
180718b1999 xxu||||| |||| 00| 0 eng d
100
_a
Singh, Sudhanshu Kumar
245
_a
Educating human rights
260
_c
1999
300
_a
p.9
362
_a
12 Jan
650
_a
Human rights education
773
_a
Pioneer
909
_a
40896
999
_c
40896
_d
40896